<?xml version="1.0" encoding="UTF-8"?>
<record
    xmlns:xsi="http://www.w3.org/2001/XMLSchema-instance"
    xsi:schemaLocation="http://www.loc.gov/MARC21/slim http://www.loc.gov/standards/marcxml/schema/MARC21slim.xsd"
    xmlns="http://www.loc.gov/MARC21/slim">

  <leader>00408nam a2200157Ia 4500</leader>
  <controlfield tag="008">230718s9999    xx            000 0 und d</controlfield>
  <datafield tag="041" ind1=" " ind2=" ">
    <subfield code="a">eng</subfield>
  </datafield>
  <datafield tag="082" ind1=" " ind2=" ">
    <subfield code="a">620.1</subfield>
    <subfield code="b">KHU</subfield>
  </datafield>
  <datafield tag="100" ind1=" " ind2=" ">
    <subfield code="a">Khurmi R.S.</subfield>
    <subfield code="9">141538</subfield>
  </datafield>
  <datafield tag="245" ind1=" " ind2=" ">
    <subfield code="a">Textbook Of Applied Mechanics In SI Units</subfield>
  </datafield>
  <datafield tag="260" ind1=" " ind2=" ">
    <subfield code="c">2009</subfield>
    <subfield code="b">S. Chand</subfield>
  </datafield>
  <datafield tag="300" ind1=" " ind2=" ">
    <subfield code="a">346</subfield>
  </datafield>
  <datafield tag="365" ind1=" " ind2=" ">
    <subfield code="c">Rs.</subfield>
    <subfield code="b">120.00</subfield>
  </datafield>
  <datafield tag="700" ind1=" " ind2=" ">
    <subfield code="a">Khurmi R.S.</subfield>
    <subfield code="9">141538</subfield>
  </datafield>
  <datafield tag="906" ind1=" " ind2=" ">
    <subfield code="d">B:47012-Dec-2008</subfield>
    <subfield code="c">SS</subfield>
    <subfield code="b">204</subfield>
  </datafield>
  <datafield tag="999" ind1=" " ind2=" ">
    <subfield code="c">320306</subfield>
    <subfield code="d">320306</subfield>
  </datafield>
  <datafield tag="952" ind1=" " ind2=" ">
    <subfield code="0">0</subfield>
    <subfield code="1">0</subfield>
    <subfield code="4">0</subfield>
    <subfield code="7">0</subfield>
    <subfield code="a">CCEP</subfield>
    <subfield code="b">CCEP</subfield>
    <subfield code="d">2009-02-16</subfield>
    <subfield code="e">Om Book Stall</subfield>
    <subfield code="f">SS</subfield>
    <subfield code="g">99.60</subfield>
    <subfield code="i">470</subfield>
    <subfield code="l">0</subfield>
    <subfield code="o">620.1</subfield>
    <subfield code="p">CCEP-BK-31513</subfield>
    <subfield code="r">2023-07-18 00:00:00</subfield>
    <subfield code="t">204</subfield>
    <subfield code="v">120.00</subfield>
    <subfield code="w">2008-12-12</subfield>
    <subfield code="y">BK</subfield>
    <subfield code="z">031513</subfield>
  </datafield>
</record>
